[Event "Sunnyvale 1000 GM Thanksgiving GM"]
[Site "Sunnyvale"]
[Date "2023.11.24"]
[Round "4"]
[White "Dai, Xuli"]
[Black "Mosquera Klinger, Miguel Alonso"]
[Result "1-0"]
[WhiteElo "2057"]
[BlackElo "2371"]
[PlyCount "108"]
[EventDate "2023.11.22"]
[EventType "schev"]
[EventRounds "9"]
[EventCountry "USA"]
[SourceTitle "CB48_2023"]
[SourceDate "2023.11.29"]
[SourceVersion "1"]
[SourceVersionDate "2023.11.29"]
[SourceQuality "1"]

1. e4 Nf6 2. e5 Nd5 3. c4 Nb6 4. d4 d6 5. exd6 exd6 6. Nc3 Be7 7. Be3 0-0 8. Nf3 Nc6 9. Be2 Bg4 10. b3 Re8 11. 0-0 Bf6 12. h3 Bf5 13. Rc1 d5 14. Re1 Be4 15. c5 Nc8 16. Bd3 h6 17. Bxe4 dxe4 18. Nd2 Bxd4 19. Ndxe4 N8e7 20. Qh5 Qd7 21. Bxd4 Qxd4 22. Nb5 Qd8 23. Rcd1 Qc8 24. Nbd6 cxd6 25. Nxd6 Qd7 26. Qxf7+ Kh7 27. Nxe8 Qxe8 28. Qxe8 Rxe8 29. Rd7 b5 30. cxb6 axb6 31. Rc7 Rd8 32. Rexe7 Rd1+ 33. Kh2 Nxe7 34. Rxe7 Rd2 35. a4 Rxf2 36. Re6 b5 37. axb5 Rf5 38. Re2 Rxb5 39. Rb2 Rb4 40. Kg3 Kg6 41. Kf3 Kf5 42. Ke3 Ke5 43. Kd3 Kd5 44. Kc3 Re4 45. Rf2 Kc6 46. Rf3 Re2 47. g4 Re4 48. Kd3 Rb4 49. Kc3 Re4 50. Rd3 h5 51. gxh5 Rh4 52. Kd2 Rxh5 53. Ke2 Kc5 54. Kf2 Kb4 1-0

[Event "Las Vegas National op"]
[Site "Las Vegas"]
[Date "2023.06.15"]
[Round "3"]
[White "Moreby, James"]
[Black "Dai, Xuli"]
[Result "1-0"]
[WhiteElo "2350"]
[BlackElo "1914"]
[PlyCount "55"]
[EventDate "2023.06.14"]
[EventType "swiss"]
[EventRounds "9"]
[EventCountry "USA"]
[SourceTitle "CBM 214 Extra"]
[Source "ChessBase"]
[SourceDate "2023.07.31"]
[SourceVersion "1"]
[SourceVersionDate "2023.07.31"]
[SourceQuality "1"]

1. c4 Nf6 2. Nc3 g6 3. e4 d6 4. d4 Bg7 5. Be2 0-0 6. Be3 Na6 7. g4 c5 8. d5 Nc7 9. g5 Nd7 10. h4 b5 11. cxb5 a6 12. a4 axb5 13. axb5 Rxa1 14. Qxa1 e6 15. dxe6 Nxe6 16. Qa7 Nb6 17. Nf3 Re8 18. Nd5 Nxd5 19. exd5 Nd4 20. Nxd4 cxd4 21. Bxd4 Re7 22. Qb6 Qxb6 23. Bxb6 Bg4 24. Be3 Bxe2 25. Kxe2 Re4 26. Rc1 Bxb2 27. Rc8+ Kg7 28. b6 1-0